MDQL
is popping MORE tags! Check the
thread
!
Quizzes
Events
Quiz Creation
Community
Videos
Private Events
Remove Ads
Sign In
Join for FREE
Feedback
Dark Mode
Quiz Categories
Sports
Geography
Music
Movies
Television
Just For Fun
Miscellaneous
History
Literature
Language
Science
Gaming
Entertainment
Religion
Holiday
For Kids
Quiz Lab
Recent
Popular Today
Quiz Kudos Today
Editor Picks
Curator Picks
Quizzes by...
Day
Popularity
Type
Ratings
Length
Year
Community
Subscriptions
Recent Discussions
Orange Saloon
Badges
Playlists
Quests
Create
Leaderboards
Showdown
Live 5
Trivia Bingo
Activity
Puzzle Library
Sporcle Events
Private Events
Virtual Trivia
Globe League
Become a Host
Pub Owners
SporcleCon
Opinionation
Our Games
Videos
Blog
Mobile Apps
Partnerships
Remove Ads and Go Orange
Feedback
Music
Pop Music
The Beatles
Song
Album
Lyrics
Bands
Singers
Artist
Clip
Rock
Rap
Classical
Billboard
Country Music
Kpop
Taylor Swift
Music
Pop Music
The Beatles
Song
Album
Lyrics
Bands
Singers
Artist
Clip
Rock
Rap
Classical
Billboard
Country Music
Kpop
Taylor Swift
Random Quiz
Search Sporcle
×
Quiz Lab
Quiz Lab
Music
Actor
Type in answers that appear in a list
Type in answers that appear in a list
Classic
Best Score? Go Orange.
Song-based movie titles Stats
Can you name the movies titles inspired by songs?
By
Lilybert
6m
20 Questions
375 Plays
375 Plays
375 Plays
Comments
Comments
Give Quiz Kudos
Give Quiz Kudos
-
- Ratings
hide this ad
Replay
Link that replays current quiz
Next Quiz
Link to next quiz in quiz playlist
You Got
0%
They Got
Avg Score
34%
Avg Friend Score
Upgrade to see
Score Distribution
Jump to the score distribution portion of the page
Score
0/20
Timer
06:00
0
Plays Today
Song performer, movie actor
Title
% Correct
Lynyrd Skynyrd, Reese Whiterspoon
Sweet Home Alabama
83.2%
Roy Orbison, Julia Roberts
Pretty Woman
77.6%
ABBA, Meryl Streep
Mamma Mia!
73.6%
Don MacLean, Jason Biggs
American Pie
71.5%
Cyndi Lauper, Sarah Jessica Parker
Girls Just Wanna Have Fun
52.3%
Ben E. King, Corey Feldman
Stand By Me
51.7%
REM, Jim Carrey
Man on the Moon
49.3%
The Beatles, Evan Rachel Wood
Across the Universe
41.3%
The Temptations, Dan Aykroyd
My Girl
40.3%
The Rolling Stones, Whoopi Goldberg
Jumpin' Jack Flash
34.1%
Song performer, movie actor
Title
% Correct
Bobby Vinton, Kyle MacLachlan
Blue Velvet
19.5%
The Go-
Gos, Ashley & Mary-
Kate Olsen
Our Lips Are Sealed
19.5%
Heatwave, Mark Wahlberg
Boogie Nights
17.6%
The Chiffons, George Clooney
One Fine Day
15.7%
Rick Nelson, Matthew Perry
Fools Rush In
15.5%
Dave Berry, Forrest Whitaker
The Crying Game
6.4%
Roy Orbison, John Candy
Only the Lonely
5.9%
Roy Orbison, Annette Bening
In Dreams
3.5%
Frank Sinatra, Tom Berenger
Someone to Watch Over Me
1.6%
Metallica, Ewan McGregor
Eye of the Beholder
0.3%
Quiz Playlist
Details
Report
Send in Message
Add To Playlist
Classic:
Type in answers that appear in a list
Quiz Source
Last Updated: Feb 16, 2017
Quiz Scoreboard
CHALLENGE
Sign Up to Join the Scoreboard
Show All
Scores
Hide
Comments
May contain spoilers
Recently Published
Find the 'City' Movie
by crazypaving
Movies
60s
5x2 Blitz: Bands
by SL_Kpop136
Music
30s
Colored Red Africa Blitz
by spor1
Geography
30s
More to Explore
Quiz From the Vault
Featured Blog Post
14 Easter Pick-up Lines to Find Eggs With
hide this ad
You Might Also Like...
Tags
Actor Quiz
Song Quiz
Performer
Today's Top Quizzes in Music
Browse Music
hide this ad
Today's Top Quizzes in Actor
Browse Actor
Top Contributed Quizzes in Music
1
5X2 Blitz: Bands II
2
Taylor Swift All Songs (2024)
3
5X2 Blitz: The Beatles
4
5X2 Blitz: Billboard
5
Taylor Swift Logic Puzzle
6
Taylor Swift Logic Puzzle II
7
5X2 Blitz: Album
8
5X2 Blitz: Billboard II
9
Music Artist by Three 2010s hits
10
5X2 Blitz: Rock
Explore More
Trending Topics
Crossword
Disney
Anime
Harry Potter
NBA
Marvel
Kpop
The Office
Soccer
Country
NFL
Pokémon
Song
Puzzle
WWE
hide this ad
More By:
Lilybert
Quiz
Plays
Rating
Category
Featured
Created
Ghostbusters trivia quiz for real fans
1,673
4.70
Movies
Sep 15, 2010
Movie voice-overs
1,325
4.47
Movies
Aug 9, 2010
Facts you should know about Borat
1,186
4.63
Movies
Apr 6, 2010
Actors dressed as women ~ by picture ~
996
4.20
Movies
Sep 30, 2010
Italian cuisine
894
3.00
Miscellaneous
Apr 6, 2010
Go to Creator's Profile
Score Distribution
Quiz Creator Spotlight
Lilybert
Follow
Send a Message
Quizzes Created
-
Created Quiz Play Count
-
More By This Creator
Popular Quizzes Today
1
Find the 'City' Movie
2
5x2 Blitz: Bands
3
Colored Red Africa Blitz
4
Find the US States - No Outlines Minefield
5
The Countries of the World
6
Find the US States
7
9x9 Crossword: Cartoon Network
8
US States
More Music Quizzes
EXO Album Covers
Quiz Lab
Trending Quizzes
Colored Red Africa Blitz II
Colored Red Europe Blitz I
Colored Red Africa Blitz III
Colored Red Europe Blitz II
Colored Red Europe Blitz III
Recently Updated
Champions League XIs: Real Madrid
pecheneg
Largest US Cities 1790-2010
pecheneg
Rides in Walt Disney World
pecheneg
Most Oscar Losses (Acting)
pecheneg
Beyoncé Albums
pecheneg
Leaping Animals
pecheneg
Reality TV Shows (A-Z)
bhenderson79
Rickey Henderson's Hall of Fame Teammates
pecheneg
Champions League XIs: Arsenal
pecheneg
Quick Pick: Celebrities in WWE's Hall of Fame
aduchscher
Trending Topics
Crossword
Disney
Kpop
Marvel
Anime
NBA
Harry Potter
Soccer
NFL
Song
Puzzle
WWE
The Office
Pokémon
Country
Your Account Isn't Verified!
In order to create a playlist on Sporcle, you need to verify the email address you used during registration. Go to your
Sporcle Settings
to finish the process.
Report this User
Report this user for behavior that violates our
Community Guidelines
.
Details:
Send Report
Go to the Sporcle.com Mobile Site →
Comments